000
00315nam a22001337a 4500
008
170927b xxu||||| |||| 00| 0 eng d
020
_a
9780312474447
041
_a
eng
080
_a
37
100
_a
47
101
_a
ED
245
_a
EMERGING CONTEMPORARY READING FOR WRITERS
_c
BARRIOS.B
942
_2
udc
_c
BK
999
_c
30324
_d
30324